BIOCHEMISTRY AND CLINICAL PATHOLOGY (Record no. 34455)

MARC details
000 -LEADER
fixed length control field 00264nam a22001217a 4500
003 - CONTROL NUMBER IDENTIFIER
control field SGT
082 ## - DEWEY DECIMAL CLASSIFICATION NUMBER
Classification number 612.015
Item number KUM
100 ## - MAIN ENTRY--PERSONAL NAME
Personal name KUMAR N
245 ## - TITLE STATEMENT
Title BIOCHEMISTRY AND CLINICAL PATHOLOGY
260 ## - PUBLICATION, DISTRIBUTION, ETC. (IMPRINT)
Place of publication, distribution, etc INDIA
Name of publisher, distributor, etc AITBS PUB
Year of Publication 2025
300 ## - PAGE DESCRIPTION
No. of Pages 241
942 ## - ADDED ENTRY ELEMENTS (KOHA)
Source of classification or shelving scheme Dewey Decimal Classification
Koha item type Books
Holdings
Withdrawn status Lost status Source of classification or shelving scheme Damaged status Not for loan Collection code Home library Current library Shelving location Date acquired Vendor Name Cost, normal purchase price SGTU Bill Number Total Checkouts Full call number Accession No. (Barcode) Date last seen Bill Date Koha item type
    Dewey Decimal Classification     SCIENCE SGT Science & Social Sciences Library SGT Science & Social Sciences Library Text Book 26/03/2026 ABC 299.00 SGTU 22597   612.015 KUM DP1951 26/03/2026 09/03/2026 Books
    Dewey Decimal Classification     SCIENCE SGT Science & Social Sciences Library SGT Science & Social Sciences Library Text Book 26/03/2026 ABC 299.00 SGTU 22597   612.015 KUM DP1952 26/03/2026 09/03/2026 Books